| 000 | 01137cam a2200217 4500 | ||
|---|---|---|---|
| 001 | ABS67298 | ||
| 008 | 031128n2003 000 0 eng u | ||
| 035 | _a(Sirsi) u124521 | ||
| 245 | _aHazardous waste: seeking solutions in a fog of uncertainty | ||
| 260 | _c2003 | ||
| 490 |
_aENDS Report _v(345) October 2003, 18-21(4) |
||
| 520 | _aDiscusses events surrounding the change in the law regarding the 'co-disposal' of hazardous waste in landfills containing biodegradable waste. Examines the problems already experienced in complying with the EU landfill directive (Directive 99/31/EC) and the perceived shortfall in capacity and waste management crisis. Aluminium producers and lead battery recyclers are vulnerable and concern is voiced over air pollution control. The biggest problem is the effect on brownfield redevelopment and the disposal or treatment of contaminated soil. | ||
| 590 | _aABS | ||
| 650 | _aLANDFILL | ||
| 650 | _aBROWNFIELD LAND | ||
| 650 | _aHAZARDOUS WASTE | ||
| 650 | _aDIRECTIVE 99/31/EC | ||
| 650 | _aAIR POLLUTION | ||
| 690 | _aENVIRONMENTAL AND LAND CONSULTANCY-WASTE MANAGEMENT | ||
| 942 | _n0 | ||
| 999 |
_c73897 _d73897 |
||